000 00342nam a2200157Ia 4500
003 OSt
005 20231211070022.0
008 170524s9999 xx 000 0 und d
020 _a81-7391-234-3
040 _ciimt
100 _aRatandeep Singh
245 0 _aTourism in India
260 _bKanishka Pub.
260 _c2004
942 _2ddc
_c02
999 _c6776
_d6776